| 000 | 00456nam a2200145 a 4500 | ||
|---|---|---|---|
| 005 | 20140414131911.0 | ||
| 008 | 100628s19uu xx 00 eng d | ||
| 020 | _a978-971-789-173-6 | ||
| 050 |
_aM 220.9 _bH93 1994 |
||
| 100 | _aHurlburt, Jesse Lyman | ||
| 245 |
_aKid's bible story book / _cJesse Lyman Hurlburt; illustrated by Marvin Jarbo. |
||
| 260 |
_aManila, Philippines : _bBarbour Publishing, _c1994. |
||
| 650 | _aBible stories | ||
| 999 |
_c111235 _d111235 |
||